|
|
|
|
| LEADER |
01134nam a2200289 a 4500 |
| 001 |
3027 |
| 003 |
BD-DhAAL |
| 005 |
20150521113018.0 |
| 008 |
150521s1993 nyua b 001 0 eng |
| 010 |
|
|
|a 93011316
|
| 020 |
|
|
|a 0471305383 (cloth : acidfree paper) :
|c $27.95
|
| 040 |
|
|
|a DLC
|c DLC
|d DLC
|d BD-DhAAL
|
| 050 |
0 |
0 |
|a GN281
|b .K49 1993
|
| 082 |
0 |
0 |
|a 573.2
|2 20
|
| 100 |
1 |
|
|a Kingdon, Jonathan.
|9 11257
|
| 245 |
1 |
0 |
|a Self-made man :
|b human evolution from Eden to extinction? /
|c Jonathan Kingdon.
|
| 260 |
|
|
|a New York :
|b Wiley,
|c 1993.
|
| 300 |
|
|
|a xiii, 369 p. :
|b ill. ;
|c 25 cm.
|
| 500 |
|
|
|a "Originally published in 1993 in Great Britain ... under the title Self-made man and his undoing"--T.p. verso.
|
| 504 |
|
|
|a Includes bibliographical references (p. 339-354) and index.
|
| 541 |
|
|
|e 3027
|
| 650 |
|
0 |
|a Human evolution.
|9 9193
|
| 650 |
|
0 |
|a Human ecology.
|9 5681
|
| 650 |
|
0 |
|a Prehistoric peoples.
|9 11258
|
| 942 |
|
|
|2 ddc
|c BK
|
| 999 |
|
|
|c 34473
|d 34473
|
| 952 |
|
|
|0 0
|1 0
|2 ddc
|4 0
|6 573_200000000000000_KIN
|7 0
|9 53812
|a SCL
|b SCL
|c GEN
|d 2015-05-21
|e Gift: The Asia Foundation
|l 0
|o 573.2 KIN
|p 3020003027
|r 2015-05-21
|t 1
|w 2015-05-21
|y BK
|